00635nam a2200181 a 450000100060000000300090000600800410001502000150005604000280007108200150009910000570011424500850017126000430025630000110029949000550031065000440036565000440040915046CO-ViMGA141112s2004 ck r 000 u spa d a9586980677 aCO-ViMGAbspacCO-ViMGA04a371.3 C6581 aVargas de Avella, Martha; López de Castilla, Marta10aMateriales educativos : bRelato de una experiencia en Bolivia, Ecuador y Perú aBtá, cConvenio Andres Bello, c2000 a156.p. aMateriales educativos para la educación básica14aCALIDAD DE LA educación - APRENDIZAJE14aMATERIAL DIDACTICO - educación BASICA